|
|
|
|
| LEADER |
01027cam a2200253 7i4500 |
| 001 |
0000067521 |
| 005 |
20220329090000.0 |
| 020 |
|
|
|a 9781032014319 (pbk)
|
| 020 |
|
|
|a 9781003178606 (electronic book)
|
| 020 |
|
|
|a 9781032014302 (hbk)
|
| 090 |
0 |
0 |
|a HV6626.23.A8
|b .S56 2022
|
| 100 |
1 |
|
|a Singh, Supriya
|
| 245 |
1 |
0 |
|a Domestic economic abuse :
|b the violence of money
|c Supriya Singh.
|
| 264 |
|
|
|a Abingdon, Oxon ; New York, NY:
|b Routledge,
|c 2022.
|
| 300 |
|
|
|a 1 online resource (xiv, 113 pages):
|b text file, PDF.
|
| 336 |
|
|
|a text
|2 rdacontent
|
| 337 |
|
|
|a computer
|2 rdamedia
|
| 338 |
|
|
|a online resource
|2 rdacarrier
|
| 650 |
0 |
0 |
|a Family violence --
|x Economic aspects --
|x Case studies --
|z Australia
|
| 650 |
0 |
0 |
|a Abused women --
|x Economic conditions --
|x Case studies --
|z Australia
|
| 655 |
0 |
0 |
|a Electronic books
|
| 856 |
4 |
2 |
|u http://library.unisel.edu.my/web/guest/mylibrary
|
| 997 |
|
|
|a Education & Social Sciences, Faculty
|b Social Sciences, Department
|
| 999 |
|
|
|a EBO0012051
|b EBOOK
|c EBOOK
|e Electronic resources
|